000
00323nam a2200109Ia 4500
008
200302s9999 xx 000 0 und d
100
_a
M.J.Billington
245
_a
Means Of Escape From Fire : An Invaluable Reference For Architects And Surveyors (Usd145)
260
_b
Blackwell Publishing
260
_c
2002
300
_a
292 P
999
_c
4763
_d
4763